000 00258nam a22001217a 4500
020 _a1-8442-2571-2
082 _a823
_bJOY/B
100 _aJOYCE, MELANIE
245 _aBUSY GARAGE
260 _aUK
_bLADY BIRD
650 _aENGLISH SHORT STORY
_zUK
942 _cBK
999 _c2629
_d2629